Strongest Superpower Every 50 Years - Statistieken

Algemene statistieken
  • Deze quiz is 7 keer genomen
  • De gemiddelde score is 23 van 103
Antwoordstatistieken
Hint Antwoord % Correct
0 | 50 | 100 | +8 others Rome
57%
1950 Soviet Union
57%
2000 United States
57%
1100 BE | 1150 BE | 1200 BE | +36 others Egypt
29%
1900 British Empire
14%
500 | 550 | 600 | +5 others Byzantum
14%
250 BE Carthage
14%
1150 | 1200 | 1350 HRE
14%
1250 Mongol Empire
14%
1550 | 1600 | 1650 | +3 others Ottoman Empire
14%
350 BE | 400 BE | 450 BE | +2 others Persia
14%
1500 Poland-Lithuania
14%
700 | 750 Umayyad
14%
800 | 850 Abbasid
0%
2150 BE Akkad
0%
1100 Almoravid Dynasty
0%
700 BE Assyria
0%
600 BE Babylonia
0%
1300 Il Khanate
0%
750 BE | 800 BE | 850 BE Indo-Aryan
0%
2050 BE | 2100 BE Indus Valley
0%
300 BE Maurya
0%
1000 BE Phoenicia
0%
1800 Spanish Empire
0%
1050 BE | 950 BE Tanis
0%
1400 Timurid
0%
1450 Timurid Empire
0%
400 | 450 Western Roman Empire
0%
1700 BE | 1750 BE Xois
0%
Geen overeenkomende quizzen gevonden
Scoreverdeling
Procent van Mensen met Elke Score
Percentiel versus Aantal Correcte Antwoorden
Uw Scoregeschiedenis
U heeft deze quiz nog niet genomen